LEADER 01156nam a2200253 i 4500 001 000000174742 003 CaOOAMICUS 005 20081001000000.0 008 081001s1907 be u000 u lat u 013 $a152218 040 $aSeMil$bita 100 1 $aVermeersch, Arthur,$c.$0(OLS)http://semarc/name/2112 245 10$aTomus prior ad usum scholarum. 250 $aAltera editio, auctior et accuratior. 260 $aRomae [etc.] :$bsumptibus Car. Beyaert,$c1907. 300 $aXXVII, 420 p. ;$c22 cm. 500 $aContiene: Appendix ; Bibliographia. 773 0 $aVermeersch, Arthur $tReligiosis institutis & personis tractatus canonico-moralis ad recentissimas leges exactus.$dBrugis : Beyaert, 1907-1910.$w()20101 773 0 $tPraelectiones canonicae.$dBrugis : Typis Houdmont fratrum, [1900?]-$g1$w()20115 850 $aSeMil 852 $aSeMil$W1$xVenegono$y1$m2G II 43$j125572$B125572$CSeMilBibl$Z2$F136518 $81 961 $aRecupero: Altro 996 $6245$aTomus prior ad usum scholarum$9(OLS)http://semarc/title/250506 996 $6260$aRomae [etc.] :$bsumptibus Car. Beyaert$9(OLS)http://semarc/publisher/49332 LEADER 01021nam a2200253 i 4500 001 000000113347 003 CaOOAMICUS 005 20030321000000.0 008 030321s1982 it u000 u ita u 013 $a86033 040 $aSeMil$bita 100 1 $aMalanima, Paolo.$0(OLS)http://semarc/name/47445 245 12$aL'economia italiana nell'età moderna /$cPaolo Malanima. 260 $aRoma :$bEditori Riuniti,$ccopyr. 1982. 300 $a156 p. ;$c20 cm. 490 0 $aLibri di base ;$v35 500 $aContiene : Indice delle opere citate nel testo. 650 4$aItalia - Economia - Storia.$0(OLS)http://semarc/subject/1009 830 0$aLibri di base ;$v35.$0(OLS)http://semarc/title/6441 850 $aSeMil 852 $aSeMil$W1$xVenegono$y1$m46 8 35 *$j69046$B69046$CSeMilBibl$Z2$F74646 $81 961 $aRecupero: Biblioteca Seminario Liceale 996 $6245$aL'economia italiana nell'età moderna$9(OLS)http://semarc/title/165467 996 $6260$aRoma :$bEditori Riuniti$9(OLS)http://semarc/publisher/30240